[Event "15. Open Int. Ciudad de Pamplona"]
[Site "Pamplona ESP"]
[Date "2005.12.28"]
[Round "8.2"]
[White "Navarro Cia, Miguel"]
[Black "Ivanov, Jordan"]
[Result "1/2-1/2"]
[WhiteElo "2274"]
[BlackElo "2377"]
[PlyCount "40"]
[EventDate "2005.12.23"]
[EventType "swiss"]
[EventRounds "9"]
[EventCountry "ESP"]
[Source "lmi"]
[SourceDate "2005.12.29"]

1. e4 c5 2. Nf3 e6 3. d4 cxd4 4. Nxd4 a6 5. c4 Nf6 6. Nc3 Bb4 7. Qc2 O-O 8. Bd3
d5 9. cxd5 exd5 10. e5 Re8 11. O-O Rxe5 12. Nf3 Re8 13. Bg5 Be7 14. Bxf6 Bxf6
15. Bxh7+ Kh8 16. Rad1 d4 17. Be4 Nc6 18. Nd5 Bg4 19. h3 Bxf3 20. Bxf3 Rc8
1/2-1/2

[Event "15. Open Int. Ciudad de Pamplona"]
[Site "Pamplona ESP"]
[Date "2005.12.28"]
[Round "8.3"]
[White "Narciso Dublan, Marc"]
[Black "Bruned, Yvain"]
[Result "1-0"]
[WhiteElo "2464"]
[BlackElo "2289"]
[PlyCount "51"]
[EventDate "2005.12.23"]
[EventType "swiss"]
[EventRounds "9"]
[EventCountry "ESP"]
[Source "lmi"]
[SourceDate "2005.12.29"]

1. c4 Nf6 2. Nc3 e6 3. e4 d5 4. e5 d4 5. exf6 dxc3 6. bxc3 Qxf6 7. Nf3 e5 8.
Bd3 Bd6 9. O-O O-O 10. Be4 c6 11. d4 h6 12. dxe5 Bxe5 13. Nxe5 Qxe5 14. Ba3 c5
15. Qf3 Nd7 16. Rab1 Nb6 17. Rb5 Na4 18. Bc2 Nxc3 19. Rxc5 Ne2+ 20. Kh1 Qe6 21.
Qd3 f5 22. f4 b6 23. Re5 Nxf4 24. Qd4 Ne2 25. Qe3 f4 26. Rxe6 1-0

[Event "15. Open Int. Ciudad de Pamplona"]
[Site "Pamplona ESP"]
[Date "2005.12.28"]
[Round "8.4"]
[White "Magem Badals, Jordi"]
[Black "Llorente Zaro, Alfonso"]
[Result "1/2-1/2"]
[WhiteElo "2506"]
[BlackElo "2324"]
[PlyCount "56"]
[EventDate "2005.12.23"]
[EventType "swiss"]
[EventRounds "9"]
[EventCountry "ESP"]
[Source "lmi"]
[SourceDate "2005.12.29"]

1. e4 e5 2. Nf3 Nc6 3. Bb5 a6 4. Ba4 Nf6 5. O-O b5 6. Bb3 Bb7 7. c3 Nxe4 8. d4
Na5 9. Bc2 exd4 10. Nxd4 c5 11. Nf5 d5 12. Nd2 g6 13. Ng3 Nxg3 14. fxg3 Be7 15.
Nf3 O-O 16. Bh6 Qd6 17. Bxf8 Rxf8 18. Qe2 Bf6 19. Rae1 Bc6 20. Kh1 Re8 21. Qf2
Kg7 22. Rxe8 Bxe8 23. g4 Nc6 24. g5 Be7 25. Qd2 Bd7 26. a4 Be6 27. axb5 axb5
28. Qe2 Qb8 1/2-1/2

[Event "15. Open Int. Ciudad de Pamplona"]
[Site "Pamplona ESP"]
[Date "2005.12.28"]
[Round "8.5"]
[White "Recuero Guerra, David"]
[Black "Adla, Diego Gustavo"]
[Result "1/2-1/2"]
[WhiteElo "2259"]
[BlackElo "2497"]
[PlyCount "78"]
[EventDate "2005.12.23"]
[EventType "swiss"]
[EventRounds "9"]
[EventCountry "ESP"]
[Source "lmi"]
[SourceDate "2005.12.29"]

1. e4 e5 2. Nf3 Nc6 3. Bb5 a6 4. Ba4 Nf6 5. d4 exd4 6. O-O Be7 7. Re1 O-O 8. e5
Ne8 9. c3 dxc3 10. Nxc3 d6 11. exd6 cxd6 12. Nd5 Be6 13. Nxe7+ Qxe7 14. Bg5 Qd7
15. Nd4 d5 16. Rc1 Rc8 17. Nxc6 bxc6 18. Qc2 Qd6 19. Qc5 Qxc5 20. Rxc5 Nf6 21.
Bxf6 gxf6 22. Rxc6 Rxc6 23. Bxc6 Rb8 24. b3 Rc8 25. Bb7 Rc2 26. a4 a5 27. f4
Rd2 28. Bc8 Bxc8 29. Re8+ Kg7 30. Rxc8 Kg6 31. Rc5 Kf5 32. Rxa5 Kxf4 33. Ra7
Rb2 34. Rxf7 f5 35. Re7 d4 36. a5 d3 37. Rd7 Rxb3 38. Kf2 Rb2+ 39. Ke1 Ra2
1/2-1/2

[Event "15. Open Int. Ciudad de Pamplona"]
[Site "Pamplona ESP"]
[Date "2005.12.28"]
[Round "8.6"]
[White "Conquest, Stuart"]
[Black "Cortes Bueno, Jesus Javier"]
[Result "1-0"]
[WhiteElo "2564"]
[BlackElo "2221"]
[PlyCount "79"]
[EventDate "2005.12.23"]
[EventType "swiss"]
[EventRounds "9"]
[EventCountry "ESP"]
[Source "lmi"]
[SourceDate "2005.12.29"]

1. d4 Nf6 2. c4 c5 3. d5 g6 4. Nc3 d6 5. e4 Bg7 6. Bd3 O-O 7. Nge2 e6 8. O-O
exd5 9. cxd5 a6 10. a4 Re8 11. h3 Nbd7 12. Ng3 Rb8 13. Re1 Ne5 14. Be2 Qc7 15.
f4 Ned7 16. Kh1 h5 17. Qc2 b6 18. Be3 Nf8 19. Bd2 c4 20. Bf3 b5 21. axb5 axb5
22. Na2 Ra8 23. Nb4 Rxa1 24. Rxa1 N8d7 25. Nc6 Bb7 26. Ba5 Qc8 27. Bb4 Qc7 28.
Rd1 Nh7 29. e5 dxe5 30. Ne7+ Kh8 31. d6 Qb6 32. Bxb7 Qxb7 33. f5 h4 34. fxg6
fxg6 35. Nxg6+ Kg8 36. Ne7+ Kh8 37. Qg6 Qa8 38. Ngf5 Bf6 39. Qf7 Rg8 40. Nxg8
1-0

[Event "15. Open Int. Ciudad de Pamplona"]
[Site "Pamplona ESP"]
[Date "2005.12.28"]
[Round "8.7"]
[White "Mindeguia Guruceaga, Juan Jesus"]
[Black "Jerez Perez, Alfonso"]
[Result "0-1"]
[WhiteElo "2155"]
[BlackElo "2414"]
[PlyCount "98"]
[EventDate "2005.12.23"]
[EventType "swiss"]
[EventRounds "9"]
[EventCountry "ESP"]
[Source "lmi"]
[SourceDate "2005.12.29"]

1. e4 e6 2. d4 d5 3. Nd2 c5 4. exd5 exd5 5. Ngf3 Nc6 6. Bb5 Bd6 7. O-O Nge7 8.
dxc5 Bxc5 9. Nb3 Bb6 10. Bg5 O-O 11. Qd2 Qd6 12. Rfe1 Ng6 13. Rad1 Be6 14. Nbd4
a6 15. Bf1 Bg4 16. Be2 Bc7 17. g3 Rfe8 18. Nxc6 bxc6 19. Nd4 Bxe2 20. Rxe2 h6
21. Be3 c5 22. Nf5 Qf6 23. Nxg7 Qxg7 24. Bxc5 Ne5 25. Kg2 Qg4 26. Re3 Re6 27.
Qxd5 Rd8 28. Qxe5 Rxe5 29. Rxd8+ Bxd8 30. Rxe5 Bf6 31. Re8+ Kh7 32. b4 Qc4 33.
a4 Qxc2 34. a5 Qc4 35. Rf8 Be5 36. Rd8 Qb5 37. Rf8 Kg6 38. Kg1 f6 39. h3 Qb7
40. Rg8+ Kf5 41. Rg4 Qd5 42. Rh4 Kg6 43. Rg4+ Kf7 44. Rh4 h5 45. Kh2 Kg6 46.
Kg1 f5 47. Be3 Qf3 48. g4 hxg4 49. hxg4 f4 0-1

[Event "15. Open Int. Ciudad de Pamplona"]
[Site "Pamplona ESP"]
[Date "2005.12.28"]
[Round "8.8"]
[White "Moreno Gracia, Daniel"]
[Black "Llaneza Vega, Marcos"]
[Result "0-1"]
[WhiteElo "1990"]
[BlackElo "2292"]
[PlyCount "56"]
[EventDate "2005.12.23"]
[EventType "swiss"]
[EventRounds "9"]
[EventCountry "ESP"]
[Source "lmi"]
[SourceDate "2005.12.29"]

1. e4 c5 2. Nf3 Nc6 3. d4 cxd4 4. Nxd4 Nf6 5. Nc3 e5 6. Ndb5 d6 7. Bg5 a6 8.
Na3 b5 9. Bxf6 gxf6 10. Nd5 Bg7 11. c3 f5 12. exf5 Bxf5 13. Nc2 O-O 14. Nce3
Be6 15. Bd3 f5 16. O-O Kh8 17. Qh5 e4 18. Bc2 Qd7 19. f3 Qa7 20. Kh1 Be5 21. f4
Bg7 22. g4 Bxd5 23. Nxd5 Qc5 24. Rad1 Nd4 25. Ne7 Rfe8 26. cxd4 Qxc2 27. Rc1
Qd3 28. Qxf5 Rxe7 0-1

[Event "15. Open Int. Ciudad de Pamplona"]
[Site "Pamplona ESP"]
[Date "2005.12.28"]
[Round "8.9"]
[White "Huerga Leache, Mikel"]
[Black "Gomez Anadon, Daniel"]
[Result "1-0"]
[WhiteElo "2145"]
[BlackElo "2281"]
[PlyCount "93"]
[EventDate "2005.12.23"]
[EventType "swiss"]
[EventRounds "9"]
[EventCountry "ESP"]
[Source "lmi"]
[SourceDate "2005.12.29"]

1. e4 c5 2. Nf3 d6 3. d4 cxd4 4. Nxd4 Nf6 5. f3 a6 6. c4 e6 7. Nc3 Be7 8. Be2
Qc7 9. O-O Nbd7 10. Be3 b6 11. Rc1 Bb7 12. Qd2 O-O 13. a3 Rac8 14. b4 Qb8 15.
Kh1 Rfd8 16. Na4 Bf8 17. Nb3 Bc6 18. Nb2 Ne5 19. Qc3 Ned7 20. Qe1 g6 21. Qf2
Bg7 22. Rc2 b5 23. Na5 bxc4 24. Bxc4 Bb5 25. Bxb5 Qxb5 26. Rfc1 Rxc2 27. Qxc2
Ne8 28. a4 Qh5 29. Nc6 Ra8 30. Nd3 Bh6 31. Qd2 Bxe3 32. Qxe3 Kg7 33. Nd4 e5 34.
Nc6 Qh6 35. Qxh6+ Kxh6 36. Kg1 f5 37. exf5 gxf5 38. Ne7 Kg5 39. Nd5 e4 40. N3f4
exf3 41. gxf3 Ne5 42. Kf2 Rb8 43. Rg1+ Kh6 44. Rg8 Nd7 45. Ne6 Rc8 46. Ne3 Kh5
47. Nf4+ 1-0

[Event "15. Open Int. Ciudad de Pamplona"]
[Site "Pamplona ESP"]
[Date "2005.12.28"]
[Round "8.10"]
[White "Sesma Rubio, Patxi"]
[Black "Rada Equiza, Miguel"]
[Result "1-0"]
[WhiteElo "1956"]
[BlackElo "2216"]
[PlyCount "87"]
[EventDate "2005.12.23"]
[EventType "swiss"]
[EventRounds "9"]
[EventCountry "ESP"]
[Source "lmi"]
[SourceDate "2005.12.29"]

1. d4 c5 2. d5 Nf6 3. c4 e6 4. Nc3 exd5 5. cxd5 d6 6. e4 g6 7. f4 Bg7 8. Nf3
O-O 9. Be2 Re8 10. Nd2 a6 11. a4 Nbd7 12. O-O Rb8 13. Kh1 h6 14. e5 dxe5 15.
Nc4 Nb6 16. Nxb6 Qxb6 17. fxe5 Nd7 18. a5 Qd8 19. e6 Ne5 20. exf7+ Nxf7 21. Bf4
Ne5 22. Ne4 b6 23. d6 Bb7 24. Bxe5 Rxe5 25. Bc4+ Kh8 26. Ng3 Qd7 27. Rf7 Qc6
28. Qd2 b5 29. Rc7 Qe8 30. Bf7 Qd8 31. Rd1 h5 32. Bxg6 Rd5 33. Qxd5 Bxd5 34.
Rxd5 Qf6 35. Rxh5+ Kg8 36. Bh7+ Kh8 37. Bg6+ Kg8 38. Bh7+ Kh8 39. Be4+ Bh6 40.
Rh7+ Kg8 41. R7xh6 Qxb2 42. Rg5+ Kf8 43. Rf5+ Kg7 44. Rg6+ 1-0

[Event "15. Open Int. Ciudad de Pamplona"]
[Site "Pamplona ESP"]
[Date "2005.12.29"]
[Round "9.1"]
[White "Strikovic, Aleksa"]
[Black "Navarro Cia, Miguel"]
[Result "1/2-1/2"]
[WhiteElo "2494"]
[BlackElo "2274"]
[PlyCount "25"]
[EventDate "2005.12.23"]
[EventType "swiss"]
[EventRounds "9"]
[EventCountry "ESP"]
[Source "lmi"]
[SourceDate "2005.12.29"]

1. c4 f5 2. Nf3 Nf6 3. g3 g6 4. Bg2 Bg7 5. O-O O-O 6. d4 d6 7. b3 e5 8. dxe5
dxe5 9. Bb2 e4 10. Ng5 c6 11. f3 h6 12. Nh3 exf3 13. exf3 1/2-1/2

[Event "15. Open Int. Ciudad de Pamplona"]
[Site "Pamplona ESP"]
[Date "2005.12.29"]
[Round "9.2"]
[White "Adla, Diego Gustavo"]
[Black "Narciso Dublan, Marc"]
[Result "1/2-1/2"]
[WhiteElo "2497"]
[BlackElo "2464"]
[PlyCount "51"]
[EventDate "2005.12.23"]
[EventType "swiss"]
[EventRounds "9"]
[EventCountry "ESP"]
[Source "lmi"]
[SourceDate "2005.12.29"]

1. c4 e5 2. g3 d6 3. Bg2 f5 4. Nc3 Nf6 5. d3 Be7 6. e4 c6 7. Nge2 Na6 8. h3 O-O
9. O-O fxe4 10. dxe4 Qe8 11. f4 exf4 12. Bxf4 Qh5 13. Bxd6 Rd8 14. e5 Bxd6 15.
exd6 Bxh3 16. Bxh3 Qxh3 17. Rxf6 gxf6 18. Qd4 f5 19. Nd5 cxd5 20. Qxd5+ Kh8 21.
Qe5+ Kg8 22. Qe6+ Kh8 23. Qf6+ Kg8 24. Qg5+ Kh8 25. Qf6+ Kg8 26. Qg5+ 1/2-1/2

[Event "15. Open Int. Ciudad de Pamplona"]
[Site "Pamplona ESP"]
[Date "2005.12.29"]
[Round "9.3"]
[White "Llorente Zaro, Alfonso"]
[Black "Conquest, Stuart"]
[Result "1/2-1/2"]
[WhiteElo "2324"]
[BlackElo "2564"]
[PlyCount "52"]
[EventDate "2005.12.23"]
[EventType "swiss"]
[EventRounds "9"]
[EventCountry "ESP"]
[Source "lmi"]
[SourceDate "2005.12.29"]

1. d4 d5 2. c4 e6 3. Nc3 c5 4. cxd5 exd5 5. Nf3 Nc6 6. g3 Nf6 7. Bg2 Be7 8. O-O
O-O 9. Bg5 cxd4 10. Nxd4 h6 11. Be3 Bg4 12. Nxc6 bxc6 13. Rc1 Qd7 14. Na4 Rfe8
15. Re1 Bh3 16. Bc5 Bd8 17. Bd4 Bxg2 18. Kxg2 Ba5 19. Rf1 Ne4 20. Nc5 Nxc5 21.
Bxc5 Re4 22. e3 Rb8 23. b3 Bd8 24. Qf3 Bf6 25. Rfd1 Rbe8 26. Rc4 Qb7 1/2-1/2

[Event "15. Open Int. Ciudad de Pamplona"]
[Site "Pamplona ESP"]
[Date "2005.12.29"]
[Round "9.4"]
[White "Ivanov, Jordan"]
[Black "Magem Badals, Jordi"]
[Result "1/2-1/2"]
[WhiteElo "2377"]
[BlackElo "2506"]
[PlyCount "62"]
[EventDate "2005.12.23"]
[EventType "swiss"]
[EventRounds "9"]
[EventCountry "ESP"]
[Source "lmi"]
[SourceDate "2005.12.29"]

1. d4 d5 2. c4 e5 3. dxe5 d4 4. Nf3 Nc6 5. g3 Nge7 6. Bg2 Ng6 7. O-O Ngxe5 8.
Nbd2 Be7 9. Nb3 Nxf3+ 10. Bxf3 Bh3 11. Re1 Qd7 12. e3 d3 13. Nd4 O-O 14. Nxc6
bxc6 15. Bd2 Bf6 16. Rb1 Rab8 17. b3 c5 18. Qc1 Rb6 19. Bc3 Rd8 20. Rb2 Bg4 21.
Bxg4 Qxg4 22. Bxf6 Rxf6 23. Rd2 Qe4 24. Qa3 Qc6 25. Qa5 a6 26. Red1 Rfd6 27.
Qc3 Qe4 28. Qa5 Rc6 29. Qc3 Rcd6 30. Qa5 Qc6 31. Qc3 Qe4 1/2-1/2

[Event "15. Open Int. Ciudad de Pamplona"]
[Site "Pamplona ESP"]
[Date "2005.12.29"]
[Round "9.5"]
[White "Jerez Perez, Alfonso"]
[Black "Recuero Guerra, David"]
[Result "0-1"]
[WhiteElo "2414"]
[BlackElo "2259"]
[PlyCount "80"]
[EventDate "2005.12.23"]
[EventType "swiss"]
[EventRounds "9"]
[EventCountry "ESP"]
[Source "lmi"]
[SourceDate "2005.12.29"]

1. e4 e6 2. d4 d5 3. Nc3 Bb4 4. e5 c5 5. Bd2 Nh6 6. Nb5 Bxd2+ 7. Qxd2 O-O 8.
dxc5 Nc6 9. Nf3 b6 10. cxb6 Qxb6 11. Bd3 Ng4 12. Qe2 Qb8 13. O-O Ncxe5 14. Nxe5
Nxe5 15. Nd4 Nxd3 16. cxd3 Re8 17. Rfc1 e5 18. Nb3 Qd6 19. Rc5 Qg6 20. Rac1 Ba6
21. Rxd5 Bb7 22. Rcc5 Rad8 23. Qe4 Rxd5 24. Rxd5 Qxe4 25. dxe4 Bxd5 26. exd5
Rd8 27. Kf1 Rxd5 28. Ke2 f6 29. Nd2 Kf7 30. Ne4 Ke6 31. Nc3 Rd7 32. b3 f5 33.
Na4 Rc7 34. Kd2 e4 35. a3 Ke5 36. Nb2 Kd4 37. Nc4 Rxc4 38. bxc4 Kxc4 39. Ke3
Kb3 40. g4 fxg4 0-1

[Event "15. Open Int. Ciudad de Pamplona"]
[Site "Pamplona ESP"]
[Date "2005.12.29"]
[Round "9.6"]
[White "Llaneza Vega, Patricia"]
[Black "Pomes Marcet, Juan"]
[Result "1-0"]
[WhiteElo "2161"]
[BlackElo "2380"]
[PlyCount "89"]
[EventDate "2005.12.23"]
[EventType "swiss"]
[EventRounds "9"]
[EventCountry "ESP"]
[Source "lmi"]
[SourceDate "2005.12.29"]

1. e4 e6 2. d4 d5 3. Nd2 c5 4. Ngf3 cxd4 5. Nxd4 Nf6 6. exd5 Nxd5 7. N2f3 Be7
8. Bd3 Nb4 9. Be4 f5 10. Bd3 e5 11. Bb5+ Kf8 12. a3 exd4 13. axb4 Bxb4+ 14. c3
Qe7+ 15. Kf1 dxc3 16. bxc3 Bd6 17. Ra2 Nc6 18. Rd2 Bc5 19. Re2 Qd6 20. Qb3 h6
21. g3 g5 22. Kg2 a6 23. Rd1 Qf6 24. Qd5 Be7 25. Bc4 b5 26. Ba2 Ra7 27. Rde1
Rd7 28. Qb3 Rc7 29. Ba3 b4 30. cxb4 g4 31. Bb2 gxf3+ 32. Qxf3 Nd4 33. Qf4 Qc6+
34. Re4 Bd6 35. Qh4 Be5 36. Bxd4 Re7 37. Bxe5 Rxe5 38. Qd8+ Kg7 39. Qd4 Rhe8
40. Bd5 Qxd5 41. Qxd5 Rxe4 42. Rxe4 Rxe4 43. Qc6 Be6 44. f3 Rxb4 45. Qc3+ 1-0

[Event "15. Open Int. Ciudad de Pamplona"]
[Site "Pamplona ESP"]
[Date "2005.12.29"]
[Round "9.7"]
[White "Llaneza Vega, Marcos"]
[Black "Sesma Rubio, Patxi"]
[Result "0-1"]
[WhiteElo "2292"]
[BlackElo "1956"]
[PlyCount "124"]
[EventDate "2005.12.23"]
[EventType "swiss"]
[EventRounds "9"]
[EventCountry "ESP"]
[Source "lmi"]
[SourceDate "2005.12.29"]

1. e4 e5 2. Nf3 Nc6 3. Bc4 Nf6 4. d3 Be7 5. O-O O-O 6. Re1 d6 7. h3 Na5 8. Nbd2
Kh8 9. c3 Nxc4 10. Nxc4 Be6 11. Ne3 Ng8 12. d4 exd4 13. Nxd4 Qd7 14. f4 c5 15.
Ndf5 Rad8 16. c4 Bf6 17. Rb1 g6 18. Ng3 Bd4 19. b3 Qe7 20. Kh2 Qh4 21. f5 Be5
22. Qg4 Qxg4 23. hxg4 gxf5 24. gxf5 Bd7 25. Ng4 Nf6 26. Nxe5 dxe5 27. Bg5 Ng4+
28. Kh3 Nf2+ 29. Kh4 f6 30. Be3 Nd3 31. Red1 Bc6 32. Rd2 Nf4 33. Bxf4 exf4 34.
Rxd8 Rxd8 35. Nh5 Bxe4 36. Re1 Bxg2 37. Nxf6 Kg7 38. Nh5+ Kf7 39. Nxf4 Rd4 40.
Kg3 Bc6 41. Ne6 Rd2 42. Nxc5 Rxa2 43. Kf4 Rf2+ 44. Ke5 h5 45. Re3 Rf3 46. Rxf3
Bxf3 47. Ne6 Bd1 48. b4 h4 49. Ng5+ Ke8 50. Kf4 Ke7 51. Ne4 b6 52. Kg5 Bc2 53.
Nf2 a5 54. c5 a4 55. cxb6 Kd7 56. f6 Bb3 57. Nd3 Kc6 58. Nc5 Bf7 59. Nxa4 h3
60. b7 Kc7 61. Kh6 h2 62. Kg7 Bh5 0-1

[Event "15. Open Int. Ciudad de Pamplona"]
[Site "Pamplona ESP"]
[Date "2005.12.29"]
[Round "9.8"]
[White "Vehi Bach, Victor Manuel"]
[Black "Huerga Leache, Mikel"]
[Result "1-0"]
[WhiteElo "2416"]
[BlackElo "2145"]
[PlyCount "151"]
[EventDate "2005.12.23"]
[EventType "swiss"]
[EventRounds "9"]
[EventCountry "ESP"]
[Source "lmi"]
[SourceDate "2005.12.29"]

1. e4 e6 2. d4 d5 3. Nc3 Bb4 4. e5 c5 5. a3 Ba5 6. b4 cxd4 7. Qg4 Ne7 8. bxa5
dxc3 9. Qxg7 Rg8 10. Qxh7 Nbc6 11. f4 Nd4 12. Qd3 Nef5 13. Nf3 Nxf3+ 14. Qxf3
Qxa5 15. Bd3 d4 16. Rg1 Ne7 17. a4 Nc6 18. Kf2 Bd7 19. Ba3 O-O-O 20. Rgb1 Qd5
21. Be4 Qc4 22. Bd6 Be8 23. Bd3 Qd5 24. Be4 Qc4 25. Rb5 d3 26. cxd3 Qd4+ 27.
Qe3 b6 28. Qxd4 Nxd4 29. Rb4 Nc6 30. Rc4 Kb7 31. Rxc3 f5 32. Bf3 Rc8 33. d4 Bd7
34. d5 Nd4 35. Rxc8 Bxc8 36. Bh5 Rh8 37. Bf7 Rh7 38. Bg8 Rh8 39. Bxe6 Bxe6 40.
dxe6 Nxe6 41. Kg3 Rc8 42. Rf1 Rc4 43. a5 b5 44. h4 Ng7 45. Kh3 b4 46. Rb1 Rc3+
47. Kh2 b3 48. h5 Nxh5 49. e6 Nf6 50. e7 b2 51. Rxb2+ Kc6 52. e8=Q+ Nxe8 53.
Be5 Rc5 54. a6 Ra5 55. Rb8 Nd6 56. Rf8 Ne4 57. Rxf5 Rxa6 58. Rf8 Kd5 59. Rh8
Nf2 60. Kg3 Ra2 61. Kf3 Ke6 62. Rh6+ Ke7 63. g4 Nd3 64. Ke4 Ne1 65. Kf5 Nf3 66.
Rh7+ Kf8 67. g5 Ra5 68. Rh8+ Ke7 69. g6 Nd4+ 70. Kg4 Ne6 71. g7 Nxg7 72. Bxg7
Ra2 73. Be5 a5 74. Kf5 a4 75. Rh7+ Kf8 76. Ke6 1-0

[Event "15. Open Int. Ciudad de Pamplona"]
[Site "Pamplona ESP"]
[Date "2005.12.29"]
[Round "9.9"]
[White "Cortes Bueno, Jesus Javier"]
[Black "Pogorelov, Ruslan"]
[Result "1-0"]
[WhiteElo "2221"]
[BlackElo "2470"]
[PlyCount "103"]
[EventDate "2005.12.23"]
[EventType "swiss"]
[EventRounds "9"]
[EventCountry "ESP"]
[Source "lmi"]
[SourceDate "2005.12.29"]

1. e4 c5 2. Nf3 Nc6 3. d4 cxd4 4. Nxd4 Qc7 5. Nc3 e6 6. Be3 a6 7. Bd3 Nf6 8.
O-O Ne5 9. Be2 Bb4 10. f4 Nc4 11. Bxc4 Qxc4 12. e5 Nd5 13. Nxd5 Qxd5 14. Qg4 g6
15. Rad1 Qe4 16. Rd3 h5 17. Qd1 b5 18. Nf3 Bb7 19. Qe2 Qc4 20. Ng5 Bd5 21. b3
Qc6 22. c3 Be7 23. Bd4 a5 24. Rd2 a4 25. Rb1 axb3 26. axb3 O-O 27. Qe3 Ra3 28.
b4 Rfa8 29. h3 Ra2 30. Rbb2 Rxb2 31. Rxb2 Qc4 32. Qe2 Ra1+ 33. Kf2 Qc6 34. Kg3
Bc4 35. Qe3 Qa8 36. Rd2 Ra3 37. Ne4 Bxb4 38. Nf6+ Kg7 39. f5 Qh8 40. Qg5 Bxc3
41. Bxc3 Rxc3+ 42. Kh2 Rd3 43. fxg6 Rxd2 44. Nxh5+ Qxh5 45. Qf6+ Kh6 46. gxf7+
Kh7 47. f8=Q Rxg2+ 48. Kxg2 Qe2+ 49. Qf2 Bd5+ 50. Kg3 Qxe5+ 51. Q8f4 Qc3+ 52.
Kh2 1-0